00832nam a2200193 a 450000100100000000500170001000800410002704000250006810000280009324501200012126000480024130000210028950400320031070000310034270000320037395201050040595201110051099900170062100003882920201002031403.0130426s2007 dr 000 0 spa d aDO-SdBNPbspacBNPHU1 aGuillermo, Edgar91863210aCompendio de administración :bteoría y práctica /cEdgar Guillermo, Eleido Rodríguez, Willian Rodríguez. aSanto Domingo :bEditora de Colores,c2007. a211 p. ;c22 cm. aBibliografía : p. 209-2111 aRodrígiez, Eleido9651191 aRodríguez, Willian965120 0010718PDaPDbPDcCTd2013-04-26iLF1l0o p38829-10r2020-06-25w2020-06-25yLFPDZNo se presta 0010718PDaPDbPDcCTd2013-06-25iLF1l0o p38829-20r2020-06-25te. 2w2020-06-25yLFPDZNo se presta c38319d38319